1464 1847 1240 1295 1528 1304 1080 1287 1019 1719 1241 1073 1465 1214 1147 1717 1661 1422 1674 1346 1505 1664 1979 1407 1563 1769 1075 1758 1824 1411 1902 1582 1691 1464 1722 1567 1459 1813 1182 1437 1346 1550 1047 1962 1279 1842 1500 1743 1428 1556 1016 1376 1354 1915 1408 1281 1557 1175 1138 1475 1509 1597 1741 1199 1546 1318 1878 1038 1884 1767 1303 1046 1879 1464 1359 1434 1256 1877 1371 1166 1830 1480 1180 1938 1470 1357 1753 1633 1626 1648 1036 1853 1113 1290 1805 1401 1942 1341 1398 BCNSPRNW ULIB Ver.6.0+V

เปลี่ยนเป็นภาษาไทย

Change to English
 แสดงรายละเอียดบรรณานุกรม
  กลับหน้าหลัก

Brief Record : Get Marc (ISO 2709) : E-mail record : QR code < ปิดหน้าต่าง
LEADER : 00000nam 2200000uu 4500
001    13399121833
003     ULIB
008    121211s2546||||th 000 0 tha d
020    ^a9749140826
060 04 ^aWP100^bม124ส
245 00 ^aสูตินรีเวชทันยุค =^bThe rhythm of women health /^cบรรณาธิการ, มณี รัตนไชยานนท์, ภาคภูมิ โพธิ์พงษ์
246 31 ^aThe rhythm of women health
250    ^aพิมพ์ครั้งที่ 1
260    ^aกรุงเทพฯ :^bภาควิชาสูติศาสตร์-นรีเวชวิทยาคณะแพทยศาสตร์ศิริราชพยาบาล มหาวิทยาลัยมหิดล,^c2546
300    ^a245 หน้า :^bภาพประกอบ,^c26 ซม.
650  7 ^aการคลอด
650  7 ^aนรีเวชวิทยา
650  7 ^aโรคทางนรีเวช
650  7 ^aสูติศาสตร์
700 0  ^aมณี รัตนไชยานนท์,^eบรรณาธิการ
700 0  ^aภาคภูมิ โพธิ์พงษ์,^eบรรณาธิการ
710    ^aมหาวิทยาลัยมหิดล. ^bคณะแพทยศาสตร์ศิริราชพยาบาล.^bภาควิชาสูติศาสตร์-นรีเวชวิทยา
945    ^p260^l0^i12777
945    ^p260^l0^i12776
945    ^p260^l0^i12778
995    ^aทศพร
999    ^aทศพร เกษรทอง
รายการนี้ยังไม่มีแท็ก
คุณยังไม่ได้ล็อกอิน คุณสามารถมีกิจกรรมร่วมกับเว็บไซต์ได้ แต่ต้องล็อกอินก่อน ::
  ล็อกอิน

รายการสื่อสารสนเทศ

ลำดับที่ ประเภท เลขเรียก/บาร์โค้ด สถานที่ สถานะ
1. วิทยาศาสตร์การแพทย์ และสุขภาพ
วิทยาศาสตร์การแพทย์ และสุขภาพ
WP100 ม124ส ฉ.1 
  Barcode: 12776
ห้องสมุดวิทยาเขตสวรรค์ประชารักษ์
►หนังสือทั่วไป
บนชั้น
2. วิทยาศาสตร์การแพทย์ และสุขภาพ
วิทยาศาสตร์การแพทย์ และสุขภาพ
WP100 ม124ส ฉ.2 
  Barcode: 12777
ห้องสมุดวิทยาเขตสวรรค์ประชารักษ์
►หนังสือทั่วไป
บนชั้น
3. วิทยาศาสตร์การแพทย์ และสุขภาพ
วิทยาศาสตร์การแพทย์ และสุขภาพ
WP100 ม124ส ฉ.3 
  Barcode: 12778
ห้องสมุดวิทยาเขตสวรรค์ประชารักษ์
►หนังสือทั่วไป
บนชั้น

รายการใกล้เคียง
    หัวเรื่อง [การคลอด]
    หัวเรื่อง [นรีเวชวิทยา]
    หัวเรื่อง [โรคทางนรีเวช]
    หัวเรื่อง [สูติศาสตร์]

BibComment


ยังไม่เคยถูกคอมเมนท์

คอมเมนท์ทรัพยากรรายการนี้
  คอมเมนท์: สูตินรีเวชทันยุค..


 Copyright 2026. Bcnsprnw @Library